| 000 | 00388nam a22001217a 4500 | ||
|---|---|---|---|
| 082 | _a200 THE | ||
| 100 |
_aWAQAS AHMED _913741 |
||
| 245 | _aTH-SOF-1548-COMPARATIVE ANALYSIS OF SAMPLE DATA OBSERERS FOR NONLINEAR SYSTEMS | ||
| 260 |
_aISLAMABAD _bNUST COLLEGE OF EME _c2018 |
||
| 650 |
_aMS-ELECT-2015 MSTHESIS _969477 |
||
| 700 |
_aAdvisor DR. FAHAD MUMTAZ MALIK _969478 |
||
| 942 | _cCF | ||
| 999 |
_c576736 _d576736 |
||